000 00663nam a2200229Ia 4500
003 OSt
005 20230328111132.0
008 210329s9999||||xx |||||||||||||| ||und||
020 _a8120331141
040 _cSTCPL
041 _aENG
082 _a658.81
_bWIL-P
100 _aMiller , William Skip
245 0 _aPro Active Sales Management :
_bHow to lead ,Motivate, and Stay ahead of the Game /
_cby William Skip Miller
260 _aNew Delhi :
_bPrentice-Hall Of India Private Ltd. ,
_c2007 .
300 _a233 p.
_bHB
650 _aSales Management
650 _aSales Culture and Ability
650 _aSales Meetings
942 _cBK
942 _2ddc
999 _c56371
_d56371